LEADER 02385nam0 2200421 i 450 001 VAN00036988 005 20240806100403.100 010 $a97-8019-850-46958 100 $a20050609d1998 |0itac50 ba 101 $aeng 102 $aUS 105 $a|||| ||||| 200 1 $aOne-dimensional variational problems$ean introduction$fGiuseppe Buttazzo, Mariano Giaquinta, Stefan Hildebrandt 210 $aNew York$cOxford University$cClarendon$d1998 215 $aVIII, 262 p.$cill.$d24 cm 410 1$1001VAN00033438$12001 $aOxford lecture series in mathematics and its applications$1210 $aOxford$cOxford university$v15 500 1$3VAN00243990$aOne-dimensional variational problems$94557152 606 $a49-XX$xCalculus of variations and optimal control; optimization [MSC 2020]$3VANC019757$2MF 620 $aUS$dNew York$3VANL000011 700 1$aButtazzo$bGiuseppe$3VANV030875$042785 701 1$aGiaquinta$bMariano$3VANV039752$042383 701 1$aHildebrandt$bStefan O. W.$3VANV030877$01898754 712 $aClarendon $3VANV107988$4650 712 $aOxford University $3VANV107944$4650 790 1$aButtazzo, G.$zButtazzo, Giuseppe$3VANV259117 790 1$aHildebrandt, Stefan Otto Walter$zHildebrandt, Stefan O. W.$3VANV261057 790 1$aHildebrandt, S. O. W.$zHildebrandt, Stefan O. W.$3VANV261058 790 1$aHildebrandt, S.O.W.$zHildebrandt, Stefan O. W.$3VANV261059 790 1$aHildebrandt, Stefan$zHildebrandt, Stefan O. W.$3VANV261060 801 $aIT$bSOL$c20260403$gRICA 856 4 $uhttps://books.google.it/books?id=fursm_sGf_EC&pg=PA77&dq=9780198504658&hl=it&sa=X&ved=0ahUKEwjMz-Cg3NXdAhXw4IUKHf_EDg4Q6AEIJzAA#v=onepage&q=9780198504658&f=false$zPreview 899 $aBIBLIOTECA DEL DIPARTIMENTO DI MATEMATICA E FISICA$1IT-CE0120$2VAN08 912 $aVAN00036988 950 $aBIBLIOTECA DEL DIPARTIMENTO DI INGEGNERIA$d05CONS D 398 $e05 3029 20050609 950 $aBIBLIOTECA DEL DIPARTIMENTO DI MATEMATICA E FISICA$d08PREST 49-XX 0660 $e08VS 4406 I 20061016 950 $aBIBLIOTECA DEL DIPARTIMENTO DI INGEGNERIA$d05PREST D 399 $e05 3030 20050609 996 $aOne-dimensional variational problems$94557152 997 $aUNICAMPANIA